000 00572nam a2200241Ia 4500
005 20260306145551.0
008 008 260114s9999 xx 000 0 eng d
020 _a9780691216058
037 _aEbook
040 _aCRL
040 _beng
040 _cCRL
041 _2eng
041 _aeng
084 _qCRL
245 0 _aBuddhism in China
260 _bPrinceton University Press
260 _c1964
650 _aTheology and Religion
_91123750
856 _uhttps://www.degruyter.com/isbn/9780691216058
942 _cEBOOK
999 _c1689147
_d1689147